Normal view
MARC view
- كتانة، خيري/م مشارك دودين زياد
Entry Personal Name
001 - CONTROL NUMBER
- control field: 40866
003 - CONTROL NUMBER IDENTIFIER
- control field: JO-AjAnu
005 - DATE AND TIME OF LATEST TRANSACTION
- control field: 20230606080804.0
008 - FIXED-LENGTH DATA ELEMENTS
- fixed length control field: 230606|| aca||aabn | a|a d
040 ## - CATALOGING SOURCE
- Original cataloging agency: JO-AjAnu
- Transcribing agency: JO-AjAnu
100 ## - HEADING--PERSONAL NAME
- Personal name: كتانة، خيري/م مشارك دودين زياد
670 ## - SOURCE DATA FOUND
- Source citation: Work cat.: (JO-AjAnu)20945: كتانة، خيري/م مشارك دودين زياد, author, الاساليب الحديثة في تحليل انظمة المعلومات وتصميمها